000 00686nam a2200193Ia 4500
005 20250507130255.0
008 008 250505s9999 xx 000 0 eng d
037 _aSeries Article
040 _aEASL
_beng
_cEASL
041 _aeng
_2eng
084 _qEASL
100 _aAaronson Trevor
_9670532
245 0 _aTo catch devil : In 2011, a sex offender and former jihadi wannabe was promised
_100,000 for helping to snag a suspected terrorist. sordid world of fbi informants,that's the price of doing business.
260 _aUSA
_bWashington Carnegie Endowment
_c2015
300 _a52-59 Pp.
650 _aForeign Policy
942 _cSRA
999 _c1318702
_d1318702